| 000 | 01057cam a22001934a 4500 | ||
|---|---|---|---|
| 005 | 20250605164124.0 | ||
| 008 | 250528s ||||||||||||||||||||||||d | ||
| 035 | _a18404 | ||
| 020 | _a521657687 | ||
| 040 |
_aGR-AtMCL _bgre _dGR-AtMCL _eAACR2 |
||
| 245 | 1 | _aAcademic Writing / Exploring Processes and Strategies Second Edition | |
| 260 |
_bCambridge University Press, _c2008 |
||
| 300 | _a434 | ||
| 520 | _aA clear and carefully sequenced presentation of all stages of the writing process. Preface, Brief Contents, Overview of Writing Processes, Getting Started, Writing From Observation and Experience, Preparing for a Draft, Working with a Draft, Focusing on Main Ideas, Developing and Shaping Ideas, Beginning and Ending Drafts, Reworking the Draft, Revising, Polishing Revised Drafts, Applying Writing Processes for Academic Purposes: Analyzing and Evaluating and Arguing, Academic Writing Tasks, Essay Exams: Some Strategies, Postscript, Appendixes, Index. | ||
| 700 | 1 |
_aLeki Ilona _94676 |
|
| 942 | _cBK | ||
| 999 |
_c3765 _d3765 |
||